| 000 | 00886nas a2200289 4500 | ||
|---|---|---|---|
| 001 | BR9501299 | ||
| 003 | BR-BrBNA | ||
| 005 | 20231205093920.0 | ||
| 007 | ta | ||
| 008 | 230509b bl.|||p| |||| 00| 00por d | ||
| 040 |
_aBR-BrBNA _bpor _cBiblioteca Nacional de Agricultura |
||
| 041 | _a(Pt) | ||
| 072 | _aF01; P34 | ||
| 100 | 1 | _aReis, C.H. | |
| 100 | 1 | _aFigueira, A.R. | |
| 100 | 1 | _aOliveira, E. | |
| 245 | 1 | _aTratamento termico, fungicida e de micorrizas vesiculo-arbusculares no desenvolvimento de mudas de cana-de-acucar (Saccharum spp) | |
| 650 | _aCana de Acucar | ||
| 650 | _aMuda | ||
| 650 | _aTratamento Termico | ||
| 650 | _aFungo | ||
| 650 | _aMicorriza | ||
| 650 | _aFungicida | ||
| 773 | 0 |
_tFitopatologia Brasileira (Brazil) _xISSN 0100-4158 _g(Dec 1994), v. 19(4) p. 495-498 _wBR9501299 |
|
| 909 |
_a202311 _bLúcia _c55 _dLúcia Elande |
||
| 942 |
_2AGRIS _n0 _cANA |
||
| 999 |
_c141077 _d141077 |
||